000 00615nam a22001337a 4500
082 _a823
_bJEN/T
100 _aJENKINS,JERRY B
245 _aTRIBULATION FORCE
260 _aUNITED STATES
_bTYNDALE HOUSE PUBLISHERS
300 _a449
520 _aSet against the backdrop of the Rapture, in which Jesus has returned as promised to gather his followers and remove them from this world, the characters in Tribulation Force must confront life without their loved ones, struggle with evil unleashed on the world, and ultimately embrace God's truth for themselves.
650 _aNOVEL, ENGLISH
_zUNITED STATE
942 _cBK
999 _c2396
_d2396